Linux administration : (رقم التسجيلة. 31395)

تفاصيل مارك
000 -الفاتح
حقل البيانات ثابتة الطول 04934cam a2200313 a 4500
001 - رقم الضبط
رقم الضبط 761378644
003 - محدد رقم الضبط
رقم الضبط OSt
005 - وقت وتاريخ اخر تعامل مع التسجيلة
رقم الضبط 20150408114144.0
008 - عناصر البيانات ثابتة الطول - معلومات عامة
حقل البيانات ثابتة الطول 120223s2012 nyua 001 0 eng
010 ## - رقم ضبط مكتبة الكونجرس
رقم ضبط مكتبة الكونجرس 2012002914
020 ## - الرقم الدولى المعيارى للكتب
الرقم الدولى المعيارى للكتاب 9781259061189 (pbk.)
020 ## - الرقم الدولى المعيارى للكتب
الرقم الدولى المعيارى للكتاب 0071767584 (pbk.)
035 ## - رقم ضبط النظام
رقم ضبط النظام (OCoLC)761378644
040 ## - مصدر الفهرسة
وكالة الفهرسة الأصلية Ma-Un
050 00 - رقم طلب مكتبة الكونجرس
رقم التصنيف QA76.76.O63
رقم المادة G722 2012
082 00 - رقم تصنيف ديوى العشرى
رقم التصنيف 005.432
رقم الطبعة 23
100 1# - المدخل الرئيسى - إسم شخصى
الإسم الشخصى Soyinka, Wale.
9 (RLIN) 38083
245 10 - بيان العنوان
العنوان Linux administration :
بقية العنوان a beginners guide /
بيان المسئوليه,etc Wale Soyinka.
250 ## - بيان الطبعة
بيان الطبعة 6th ed.
260 ## - PUBLICATION, DISTRIBUTION, ETC. (IMPRINT)
مكان الناشر او الموزع New York :
اسم الناشر او الموزع McGraw-Hill Osborne Media,
تاريخ النشر أو التوزيع c2012.
300 ## - الوصف المادى
التعداد xxxii, 703 p. :
تفاصيل ماديه اخرى للوعاء ill. ;
أبعاد الوعاء 23 cm.
500 ## - تبصرة عامة
تبصرة عامة Includes index.
505 8# - تبصرة محتويات-الفهرس
تبصرة المحتويات المصاغة Machine generated contents note: Part 1: Linux Administration Essentials -- Ch 1: Technical Summary of Linux Distributions and Windows Server 2008 -- Ch 2: Installing Linux in a Server Configuration -- Ch 3: Installing Software -- Part 2: Single Host Administration -- Ch 4: Managing Users -- Ch 5: The Command Line -- Ch 6: Booting and Shutting Down -- Ch 7: File Systems -- Ch 8: Core System Services -- Ch 9: Compiling the Linux Kernel -- Ch 10: Knobs and Dials: The /proc File System -- Part 3: Security and Networking -- Ch 11: TCP/IP for System Administrators -- Ch 12: Network Configuration -- Ch 13: Configuring the Linux Firewall and Router -- Ch 14: Local Security -- Ch 15: Network Security -- Part 4: Configuring Internet Services -- Ch 16: DNS -- Ch 17: FTP -- Ch 18: Web Servers -- Ch 19: SMTP -- Ch 20: POP and IMAP -- Ch 21: SSH and Encryption -- Ch 22: Virtualization -- Part 5: Configuring Intranet Services -- Ch 23: Network File Systems (NFS) -- Ch 24: Distributed File Systems -- Ch 25: Network Information Service (NIS) -- Ch 26: LDAP -- Ch 27: Samba (SMB/CIFS) -- Ch 28: Printing -- Ch 29: DHCP -- Ch 30: Backups.
520 ## - التبصرة الخاصة بالتعليق أو التلخيص
ملخص,الخ "Deploy and manage a Linux server quickly and easilyThoroughly revised to cover the most current Linux distributions and the latest Linux kernel release, Linux Administration: A Beginner's Guide, Sixth Edition shows new and inexperienced Linux system administrators how to set up and configure Linux. The sixth edition adds key updates about the latest Linux distributions and focuses on Fedora, openSUSE, and Ubuntu. The book adds coverage of newer technologies, including virtualization, infrastructure services, Windows and Linux integration, Linux routers and firewalls, LDAP, printing, and new hardware now supported by the updated Linux kernel.This trusted, bestselling beginner's guide continues its recipe and step-by-step approach to Linux system administration, including managing files and software, users and user rights, basic security, Internet and intranet services, and kernel customization. The book makes it easy for existing system administrators to quickly zero in on relevant sections of the book to solve or tackle real-world Linux administration issues.Linux Administration: A Beginner's Guide, Sixth Edition Covers the major distributions of Linux server for Fedora, openSUSE and Ubuntu, and the latest Linux kernel release Includes new chapters introducing Distributed File Systems--key for today's cloud computing/virtualization-centric world Contains a new chapter on the business case for Linux and the marketability of Linux administration skills Step-by-step coverage: Technical Summary of Linux Distributions and Windows Server 2008; Installing Linux in a Server Configuration; Installing Software; Single Host Administration; Managing Users; The Command Line; Booting and Shutting Down; File Systems; Core System Services; Compiling the Linux Kernel; Knobs and Dials: The /proc File System; Security and Networking; TCP/IP for System Administrators; Network Configuration; Configuring the Linux Firewall and Router; Local Security; Network Security; Configuring Internet Services; DNS; FTP; Web Servers; SMTP; POP and IMAP; SSH and Encryption; Virtualization; Configuring Intranet Services; Network File Systems (NFS); Distributed File Systems; Network Information Service (NIS); LDAP; Samba (SMB/CIFS); Printing; DHCP; Backups "--Provided by publisher.
520 ## - التبصرة الخاصة بالتعليق أو التلخيص
ملخص,الخ "Effectively deploy and maintain Linux and other Free and Open Source Software (FOSS) on your servers or entire network using this practical resource. Linux Administration: A Beginner's Guide, Sixth Edition provides up-to-date details on the latest Linux distributions, including Fedora, Red Hat Enterprise Linux, CentOS, Debian, and Ubuntu. Learn how to install and customize Linux, work from the GUI or command line, configure Internet and intranet services, interoperate with Windows systems, and create reliable backups. Performance tuning, security, and virtualization are also covered and real-world examples help you put the techniques presented into practice"--Provided by publisher.
630 00 - المدخل الاضافى بالموضوع - عنوان موحد
عنوان موحد Linux.
650 #0 - المدخل الاضافى بالموضوع-مصطلح موضوعى
مصطلح موضوعي أو اسم جغرافي كعنصر مدخل Operating systems (Computers)
942 ## - عناصر المدخل الإضافي( كوها)
مصدر التصنيف او مخطط الترفيف Dewey Decimal Classification
Koha [default] item type كتاب
المقتنيات
حالة الفقد نموذج السعر الفعال حالة تلف ليس للاعارة رقم الطلب رقم النسخة تاريخ الاكتساب الموقع الحالي الباركود الفرع الرئيسي Total Renewals Date last checked out Date last seen نوع المادة فى نظام كوها مصدر التصنيف او خطة الترفيف Total Checkouts
  2013-10-22     005.432 SWL n1 2013-10-22 المكتبة المركزية بالمجمعة (CL) 00451882 المكتبة المركزية بالمجمعة (CL) 1 2017-12-11 2017-12-18 كتاب Dewey Decimal Classification 2
  2013-10-22     005.432 SWL n2 2013-10-22 المكتبة المركزية بالمجمعة (CL) 00451877 المكتبة المركزية بالمجمعة (CL) 1 2015-12-22 2016-06-01 كتاب Dewey Decimal Classification 1
  2013-10-22   Not For Loan 005.432 SWL n3 2013-10-22 المكتبة المركزية بالمجمعة (CL) 00451880 المكتبة المركزية بالمجمعة (CL)     2013-10-22 كتاب Dewey Decimal Classification  
  2013-10-22     005.432 SWL n1 2013-10-22 مكتبة مجمع الكليات بالزلفى - طلاب (SZM) 00451878 مكتبة مجمع الكليات بالزلفى - طلاب (SZM)     2013-10-22 كتاب Dewey Decimal Classification  
  2013-10-22     005.432 SWL n2 2013-10-22 مكتبة مجمع الكليات بالزلفى - طلاب (SZM) 00451881 مكتبة مجمع الكليات بالزلفى - طلاب (SZM)     2013-10-22 كتاب Dewey Decimal Classification  
  2013-10-22   Not For Loan 005.432 SWL n3 2013-10-22 مكتبة مجمع الكليات بالزلفى - طلاب (SZM) 00451879 مكتبة مجمع الكليات بالزلفى - طلاب (SZM)     2013-10-22 كتاب Dewey Decimal Classification